000 00892nam a2200265Ia 4500
003 OSt
005 20220923231019.0
006 a|||||r|||| 00| 0
007 ta
008 220922b |||||||| |||| 00| 0 pan d
020 _c425
024 _a353,741
037 _b1197, 20/02/2020, H.K. Prakashan
_cTextual
040 _aARTS
_cARTS
_bpan
041 _2pan
_apan
082 _aO153,6, R0
100 _aਸਿੰਘ, ਕਰਨਜੀਤ, ਂਚ.
245 0 _aਮਾਨਵੀ ਸਰੋਕਾਰਾਂ ਦੇ ਨਕF
260 _aਦਿੱਲੀ
_b ਆਰਸੀ ਪਬਲਿFਰਗ਼
_c2020
300 _a206ਪ੍ਰ0
_ccm.
650 _a ਪੰਜਾਬੀ ਨਿਬੰਧ
650 _aਪੰਜਾਬੀ ਸਾਹਿਤ
942 _hO153,6, R0
_cTEXL
_2CC
999 _c388774
_d388774